Keo roumeat mango production in kampong svay commune, kien svay district, kandal province; ផលិតកម្មដំណាំស្វាយកែវរមៀតនៅឃុំកំពង់ស្វាយ ស្រុកកៀនស្វាយ ខេត្តកណ្តាល (Record no. 11549)

000 -LEADER
fixed length control field 00672nam a22001577a 4500
003 - CONTROL NUMBER IDENTIFIER
control field OSt
005 - DATE AND TIME OF LATEST TRANSACTION
control field 20170803140214.0
008 - FIXED-LENGTH DATA ELEMENTS--GENERAL INFORMATION
fixed length control field 170803b xxu||||| |||| 00| 0 eng d
040 ## - CATALOGING SOURCE
Transcribing agency RUA
082 ## - DEWEY DECIMAL CLASSIFICATION NUMBER
Classification number AGR KON 2014 B556 Or.1
100 ## - MAIN ENTRY--PERSONAL NAME
9 (RLIN) 11756
Personal name KONG TOLA; គង់ តុលា
245 ## - TITLE STATEMENT
Title Keo roumeat mango production in kampong svay commune, kien svay district, kandal province; ផលិតកម្មដំណាំស្វាយកែវរមៀតនៅឃុំកំពង់ស្វាយ ស្រុកកៀនស្វាយ ខេត្តកណ្តាល
260 ## - PUBLICATION, DISTRIBUTION, ETC. (IMPRINT)
Place of publication, distribution, etc. Phnom Penh
Name of publisher, distributor, etc. RUA
Date of publication, distribution, etc. 2014
300 ## - PHYSICAL DESCRIPTION
Extent xii;48p;
Other physical details ill;
Dimensions 29cm;
942 ## - ADDED ENTRY ELEMENTS (KOHA)
Source of classification or shelving scheme
Koha item type AGR
Holdings
Price effective from Date last seen Permanent Location Not for loan Date acquired Source of classification or shelving scheme Koha item type Lost status Withdrawn status Date last checked out Total Checkouts Shelving location Damaged status Barcode Current Location Full call number
2017-08-032017-11-01Library Block B 2017-08-03 AGR  2017-10-161B556 A12582Library Block BAGR KON 2014 B556 Or.1
2017-08-032026-06-08Library Block B 2017-08-03 AGR  2026-05-073B556 A12528Library Block BAGR KON 2014 B556 Or.2
2017-08-032017-11-11Library Block B 2017-08-03 AGR  2017-10-281B556 A12907Library Block BAGR KON 2014 B556 Or.3
2017-08-032018-06-06Library Block B 2017-08-03 AGR  2018-05-301B556 A13062Library Block BAGR KON 2014 B556 Or.4
2017-08-032024-08-07Library Block B 2017-08-03 AGR  2024-07-193B556 A12908Library Block BAGR KON 2014 B556 Or.5
2017-08-032017-08-03Library Block B 2017-08-03 AGR    B556 A12502Library Block BAGR KON 2014 B556 Or.6
2017-08-032019-07-10Library Block B 2017-08-03 AGR  2019-06-283B556 A12512Library Block BAGR KON 2014 B556 Or.7
2017-08-032017-08-03Library Block B 2017-08-03 AGR    B556 A12365Library Block BAGR KON 2014 B556 Or.8
មជ្ឈមណ្ឌលឯការនៃសាកលវិទ្យាល័យភូមិន្ទកសិកម្មចំការដូង

Powered by Koha